| 000 | 00947naa a2200241 4500 | ||
|---|---|---|---|
| 005 | 20090717134641.0 | ||
| 008 | 090717t xxu||||| |||| 00| 0 eng d | ||
| 010 | _aENG-94448 | ||
| 020 |
_a9788120337619 _c695.00 |
||
| 035 | _aEN-77981 | ||
| 037 | _bDBAD / PUB | ||
| 040 |
_adpl _bEnglish |
||
| 082 | _a005.71376 | ||
| 100 | _aRussel, Charlie | ||
| 245 |
_aMicrosoft windows small business server 2008: _cby Charlie Russel [and] Sharon Crawford _badministrator companion / |
||
| 260 |
_aNew Delhi _bPrentice Hall of India _c2009 |
||
| 270 |
_aM-97, Cannaught Circus, _bNew Delhi _e110 001 |
||
| 300 |
_axxvi, 692 p. _c24cm (Hb) _bCD-Rom |
||
| 500 | _aIncludes index | ||
| 700 | _aCrawford, Sharon | ||
| 942 |
_adpl _cEN _2ddc _h005.71376 _mRUS |
||
| 999 |
_c28370 _d28370 |
||